[Event "GER-chT U16"]
[Site "Greifswald"]
[Date "2003.12.29"]
[Round "6.4"]
[White "Zimmermann, Gordon"]
[Black "Thiem, Markus"]
[Result "1-0"]
[WhiteElo "1336"]
[BlackElo "1400"]
[PlyCount "65"]
[EventDate "2003.12.27"]
[EventType "team-swiss"]
[EventRounds "7"]
[EventCountry "GER"]
[SourceTitle "EXT 2022"]
[Source "ChessBase"]
[SourceDate "2021.10.06"]
[SourceVersion "1"]
[SourceVersionDate "2021.10.06"]
[SourceQuality "1"]
[WhiteTeam "Gryps SV U16"]
[BlackTeam "Muennerstadt Turm U16"]
[WhiteTeamCountry "GER"]
[BlackTeamCountry "GER"]

1. e4 c5 2. Nf3 d6 3. d4 cxd4 4. Nxd4 Nc6 5. Nc3 g6 6. Be3 Bg7 7. Bc4 Nf6 8. f3 0-0 9. Qd2 Bd7 10. 0-0-0 a6 11. g4 Qc7 12. Bb3 Nxd4 13. Bxd4 Rac8 14. h4 b5 15. a3 a5 16. h5 gxh5 17. gxh5 h6 18. Rdg1 Kh7 19. Qg2 Bh8 20. Bxf7 Rg8 21. Bxg8+ Rxg8 22. Qf2 Qc8 23. Bxf6 Bxf6 24. Rxg8 Qxg8 25. Qg1 Bg5+ 26. Kb1 b4 27. axb4 axb4 28. Nd5 Qb8 29. f4 e6 30. Nf6+ Bxf6 31. Qg6+ Kh8 32. Qxf6+ Kh7 33. Qf7+ 1-0